| 000 | 00983nam a2200277 i 4500 | ||
|---|---|---|---|
| 003 | EG-ScBUE | ||
| 005 | 20230207065319.0 | ||
| 008 | 110516s2023 ua f 000 f ara d | ||
| 017 | _a2022 / 26303 | ||
| 020 | _a9789777953948 | ||
| 040 |
_aEG-ScBUE _bara _erda _cEG-ScBUE _dEG-ScBUE |
||
| 082 | 0 | 4 |
_a892.736 _bق د و _222 |
| 100 | 1 |
_923847 _aعبد القدوس، إحسان، _d1919-1990، _eمؤلف. |
|
| 245 | 1 | 0 |
_aيا عزيزي كلنا لصوص : _bرواية / _cإحسان عبد القدوس. |
| 250 | _aالطبعة الأولى. | ||
| 264 | 1 |
_aالقاهرة : _bالدار المصرية اللبنانية، _c2023. |
|
| 300 |
_a207 صفحة ؛ _c19 سم |
||
| 336 |
_2rdacontent _aنص _btxt |
||
| 337 |
_2rdamedia _aبدون وسيط _bn |
||
| 338 |
_2rdacarrier _aمجلد _bnc |
||
| 541 | _aBook Fair 2023. | ||
| 650 | 7 |
_98542 _aالقصص العربية _yقرن 20. _2BUEsh |
|
| 653 |
_cFebruary2023 _bARALIT |
||
| 655 | _vReading book | ||
| 942 |
_2ddc _cBB |
||
| 999 |
_c30102 _d30073 |
||